LEADER 01183cam0-22003491i-450- 001 990006880640403321 005 20040719120844.0 035 $a000688064 035 $aFED01000688064 035 $a(Aleph)000688064FED01 035 $a000688064 100 $a20010426d1998----km-y0itay50------ba 101 0 $aita 102 $aIT 105 $ay-------101yy 200 1 $a<>processo di Norimberga a cinquant'anni dalla sua celebrazione$eatti del simposio internazionale. Lecce, 5-6-7 dicembre 1997$fa cura di Antonio Tarantino e Rita Rocco 210 $aMilano$cGiuffrè$d1998 215 $aXII, 356 p.$d24 cm 225 1 $aUniversità degli Studi di Lecce$iStudi giuridici-Sezione di filosofia del diritto e della politica$v11 610 0 $aProcesso di Norimberga <1945-1946> 676 $a341.690268 702 1$aRocco,$bRita 702 1$aTarantino,$bAntonio 801 0$aIT$bUNINA$gRICA$2UNIMARC 901 $aBK 912 $a990006880640403321 952 $aUNIV. 186 (11)$b33772$fFSPBC 952 $aXI DFPL 11$b2000$fDFD 959 $aFSPBC 959 $aDFD 996 $aProcesso di Norimberga a cinquant'anni dalla sua celebrazione$9625551 997 $aUNINA LEADER 01802nam0 22004213i 450 001 RMS2874737 005 20231121125812.0 010 $a9788884350350 100 $a20210916d2018 ||||0itac50 ba 101 | $aeng$aita 102 $ait 181 1$6z01$ai $bxxxe 182 1$6z01$an 200 1 $aKatonimana$econtemporary artists from Fiji and the Solomon Islands$f[texts: Luciano Benetton, Peni Cavuilagi, Rosa Maria Falvo] 210 $aCrocetta del Montello$cAntiga Edizioni$d2018 215 $a326 p.$cill.$d21 x 22 cm 225 | $aImago mundi$eLuciano Benetton Collection 300 $aTesto in inglese e italiano. 410 0$1001LIG0217332$12001 $aImago mundi$eLuciano Benetton Collection 500 11$aKatonimana.$3RMS2874747$93635552 606 $aArte$xFiji $xSec. 21.$2FIR$3RMLC467118$9N 606 $aArte$xMelanesia$xSec. 21.$2FIR$3RMLC467119$9N 606 $aArte$xSalomone $xSec. 21.$2FIR$3RMLC467120$9N 606 $aArte$xPapua Nuova Guinea$xSec. 21.$2FIR$3RMLC467121$9N 606 $aFondazione Benetton Studi Ricerche$xImago mundi$xCataloghi$2FIR$3RMLC465512$9N 676 $a709.95$9Belle arti e arti decorative. Melanesia.$v22 676 $a709.961$9Belle arti e arti decorative. Polinesia. Fiji $v22 702 1$aBenetton$b, Luciano$3LO1V027095$4080 702 1$aCavuilagi$b, Peni$3RMSV079778$4090 702 1$aFalvo$b, Rosa Maria$3UM1V020508$4090 801 3$aIT$bIT-01$c20210916 850 $aIT-FR0017 899 $aBiblioteca umanistica Giorgio Aprea$bFR0017 $eN 912 $aRMS2874737 950 0$aBiblioteca umanistica Giorgio Aprea$d 52DFB Oc.Fij.$e 52DUP0009057945 VMN RS $fA $h20211116$i20211116 977 $a 52 996 $aKatonimana$93635552 997 $aUNICAS